| 000 | 01163cam a2200337 i 4500 | ||
|---|---|---|---|
| 999 |
_c151112 _d10338 |
||
| 001 | 151112 | ||
| 003 | TR-AnTOB | ||
| 005 | 20240122103838.0 | ||
| 007 | ta | ||
| 008 | 140711s1963 tu 000 0 tur d | ||
| 040 |
_aTR-AnTOB _beng _erda _cTR-AnTOB |
||
| 041 | 0 | _atur | |
| 050 | _aHC305 | ||
| 090 | _aHC305 | ||
| 099 | _aTOBB ITA 1963 | ||
| 110 | 2 |
_aTürkiye Ticaret Odaları, Sanayi Odaları ve Ticaret Borsaları Birliği _965593 |
|
| 245 | 1 | 0 |
_aİtalya'da yatırım ve geri kalmış bölgelerin kalkınması, İtalya'da turizm / _cTürkiye Ticaret Odaları, Sanayi Odaları ve Ticaret Borsaları Birliği. |
| 264 | 1 |
_aAnkara : _bTürkiye Ticaret Odaları, Sanayi Odaları ve Ticaret Borsaları Birliği, _c1963 |
|
| 300 |
_a8 pages ; _c24 cm |
||
| 336 |
_atext _btxt _2rdacontent |
||
| 337 |
_aunmediated _bn _2rdamedia |
||
| 338 |
_avolume _bnc _2rdacarrier |
||
| 650 | 7 |
_aTurizm _zİtalya _2etuturkob _965890 |
|
| 650 | 7 |
_aYatırımlar _zİtalya _2etuturkob _965891 |
|
| 651 | 7 |
_aİtalya _xEkonomik durum _2etuturkob _965888 |
|
| 902 | _aTA01076 (013551) | ||
| 903 | _aTOBB Yayınları Arşivi | ||
| 942 |
_2lcc _cBK |
||
| 945 | _aAY | ||